Pays Ayant leur point le plus bas le plus haut - Statistiques

Statistiques générales
  • Ce quiz a été pris 17 fois
  • Le résultat moyen est 10 sur 15
Statistiques - réponses
Altitude Pays % Correct
518 Mongolie
87%
300 Tadjikistan
87%
840 Andorre
80%
400 Arménie
80%
435 Kirghizistan
73%
430 Liechtenstein
73%
1400 Lesotho
67%
621 Ouganda
67%
335 République centrafricaine
67%
950 Rwanda
67%
350 Soudan du sud
67%
772 Burundi
60%
514 Botswana
53%
297 Kosovo
53%
329 Zambie
53%
Aucun quiz correspondant
Distribution des résultats
% des personnes avec chaque résultat
Percentile par nombre de réponses
Votre historique - résultats
Vous n’avez pas pris ce quiz